| 000 | 01649cam a2200337 i 4500 | ||
|---|---|---|---|
| 001 | 20540 | ||
| 003 | CO-MdFUSB | ||
| 005 | 20180622074841.0 | ||
| 008 | 161010t1994 xxu||||| |||| 00| 0 eng d | ||
| 020 | _a0-8006-2847-0 | ||
| 040 |
_aCO-MdFUSB _bEspañol _cCO-MdFUSB _dCO-MdFUSB _erda |
||
| 041 | _aeng | ||
| 082 |
_224 _a231.765 _bAN545f |
||
| 100 | 1 |
_aAnderson, Bernhard W. _eautor |
|
| 245 | 1 | 0 |
_aFrom creation to new creation _b : Old Testament perspectives _c / Bernhard W. Anderson |
| 264 | 1 |
_aMinneapolis, Minnesota : _bFortress Press, _c℗1994 |
|
| 264 | 4 | _c©1984 | |
| 300 |
_axvi, 256 páginas _c22 cm. |
||
| 336 |
_2rdacontent _a1 _ba1 |
||
| 337 |
_2rdamedia _a2 _b5 |
||
| 338 |
_2rdacarrier _a2 _b5 |
||
| 490 | _aOvertures to Biblical Theology | ||
| 504 | _aIncluye índices (páginas. 246-256) | ||
| 505 | 0 | 0 | _aLa tierra es del Señor - Perspectivas bíblicas sobre la doctrina de la creación - La historia de la creación sacerdotal - La historia de la inundación en su contexto - Dimensiones de la fe bíblica de la creación - Dimensiones cósmicas del relato de la creación en el Génesis - Dominio humano sobre la naturaleza - Relación entre la creación humana y no humana en la historia primigenia bíblica - Creación y el pacto de Noé - La Torre de Babel - Un estudio estilístico de Jeremías 31:15-22 - Isaías 27:1 en contexto - La fe de creación en su entorno de culto - Creación y nueva creación. |
| 540 | _aRústico | ||
| 650 | 0 |
_9253 _aCosmología bíblica |
|
| 650 | 0 |
_9476 _aCreación _xCristianismo |
|
| 653 | _aCreation -- religion -- Christianity | ||
| 942 | _cBK | ||
| 999 |
_c46891 _d46891 |
||